Vox evangelii. Anuario de la Facultad Luterana de Teología. / (Record no. 27922)
[ view plain ]
| 000 -LEADER | |
|---|---|
| campo de control de longitud fija | 01368ntaaa2200289 4500 |
| 003 - IDENTIFICADOR DE NÚMERO DE CONTROL | |
| campo de control | 01 |
| 005 - FECHA Y HORA DE LA ÚLTIMA TRANSACCIÓN | |
| campo de control | 20251027203240.0 |
| 008 - DATOS DE LONGITUD FIJA--INFORMACIÓN GENERAL | |
| campo de control de longitud fija | 0714s1973 ag 01 |
| 040 ## - FUENTE DE CATALOGACIÓN | |
| Centro catalogador/agencia de origen | AR-BaBN |
| Lengua de catalogación | spa |
| Centro/agencia transcriptor | AR-BaBN |
| Normas de descripción | aacr |
| Centro/agencia modificador | RIC |
| 082 ## - NÚMERO DE LA CLASIFICACIÓN DECIMAL DEWEY | |
| Número de clasificación | 208 L56 |
| 100 ## - ENTRADA PRINCIPAL--NOMBRE DE PERSONA | |
| Nombre de persona | Leskó, Béla |
| 9 (RLIN) | 8735 |
| 245 ## - MENCIÓN DEL TÍTULO | |
| Título | Vox evangelii. Anuario de la Facultad Luterana de Teología. / |
| Mención de responsabilidad, etc. | Béla Leskó |
| 250 ## - MENCION DE EDICION | |
| Mención de edición | 1 ed. |
| 260 ## - PUBLICACIÓN, DISTRIBUCIÓN, ETC. | |
| Lugar de publicación, distribución, etc. | Buenos Aires : |
| Nombre del editor, distribuidor, etc. | Facultad Luterana de Teología, |
| Fecha de publicación, distribución, etc. | 1960 |
| 300 ## - DESCRIPCIÓN FÍSICA | |
| Extensión | 138 p. |
| 500 ## - NOTA GENERAL | |
| Nota general | Anuario de la Facultad Luterana de Teología que tiene como propósito propagar la universalidad de la Teología luterana |
| 505 ## - NOTA DE CONTENIDO CON FORMATO | |
| Título | Prólogo / |
| Mención de responsabilidad | Deibert, José H. |
| 505 ## - NOTA DE CONTENIDO CON FORMATO | |
| Título | El tema hermenéutico. Reflexiones sobre traducción de obras alemanas / |
| Mención de responsabilidad | Obermüller, Rodolfo |
| 505 ## - NOTA DE CONTENIDO CON FORMATO | |
| Título | Israel antiguo y la filosofía de la historia / |
| Mención de responsabilidad | Gehman, Henry S. |
| 505 ## - NOTA DE CONTENIDO CON FORMATO | |
| Título | La ley natural en el Antiguo Testamento / |
| Mención de responsabilidad | Gehman, Henry S. |
| 505 ## - NOTA DE CONTENIDO CON FORMATO | |
| Título | El lugar de la ley en la teología luterana actual / |
| Mención de responsabilidad | Löfström, Inge |
| 505 ## - NOTA DE CONTENIDO CON FORMATO | |
| Título | La ordenación según Lutero y los reformadores luteranos / |
| Mención de responsabilidad | Meyer, Handing |
| 505 ## - NOTA DE CONTENIDO CON FORMATO | |
| Título | La diferencia entre la justicia del mundo y la de Cristo / |
| Mención de responsabilidad | Melanchton, Felipe (Introducción y trad., por Carlos Witthaus) |
| 505 ## - NOTA DE CONTENIDO CON FORMATO | |
| Título | Música luterana / |
| Mención de responsabilidad | Deibert, José H. |
| 505 ## - NOTA DE CONTENIDO CON FORMATO | |
| Título | La religión de Tomás Jefferson / |
| Mención de responsabilidad | Deibert, José H. |
| 942 ## - ELEMENTOS DE ENTRADA SECUNDARIOS (KOHA) | |
| Tipo de ítem Koha | Colección General |
| Estatus retirado | Estado de pérdida | Estado de daño | No para préstamo | Biblioteca de origen | Biblioteca actual | Fecha de adquisición | Número de inventario | Total de préstamos | Signatura topográfica completa | Código de barras | Visto por última vez | Precio de reemplazo | Tipo de ítem Koha |
|---|---|---|---|---|---|---|---|---|---|---|---|---|---|
| Biblioteca Pluis | Biblioteca Pluis | 27/10/2025 | 027505 | 208 L56 | 027505 | 27/10/2025 | 27/10/2025 | Colección General |
